Normal view MARC view
  • Brožek, Josef,

Entry Nombre Personal

Number of records used in: 2

001 - NUMERO DE CONTROL

  • campo de control: 44276

003 - IDENTIFICADOR DE NUMERO DE CONTROL

  • campo de control: DLC

005 - FECHA Y HORA DE LA ÜLTIMA TRANSACCIÓN

  • campo de control: 20220503085216.0

008 - DATOS DE LONGITUD FIJA

  • campo de control de longitud fija: 220503n| azannaabn |a aaa

010 ## - NÚMERO DE CONTROL DE LA BIBLIOTECA DEL CONGRESO

  • Número de control LC: n 80040425

035 ## - NUMERO DE CONTROL

  • Número de control: (OCoLC)oca00422494

040 ## - FUENTE DE CATALOGACIÓN

  • Agencia original de catalogación: DLC
  • Lenguaje de catalogación: spa
  • Description conventions: rda
  • Agencia de transcripción: DLC
  • Agencia que lo modifica: DLC
  • Agencia que lo modifica: OCl
  • Agencia que lo modifica: IEN
  • Agencia que lo modifica: ICU
  • Agencia que lo modifica: MX-MxUPN

046 ## - FECHAS CON CODIFICACIÓN ESPECIAL

  • Fecha de nacimiento: 1913

100 1# - ENCABEZAMIENTO - NOMBRE PERSONAL

  • Nombre personal: Brožek, Josef,
  • Fechas asociadas con el nombre: 1913-

400 1# - VEÁSE - NOMBRE DE PERSONA

  • Personal name: Brožek, Josef M.

400 1# - VEÁSE - NOMBRE DE PERSONA

  • Personal name: Brožek, J.
  • Fuller form of name: (Josef)

670 ## - FUENTE EN LA QUE SE LOCALIZARON DATOS

  • Cita de la fuente: Patty, F.A. Industrial hygiene and toxicology, 1948:
  • Información localizada: v. 1, portada (J. Brozek) v. 1, página xi (Josef Brozek, Ph.D., Asst. Prof., Laboratory of Physiological Hygiene, Univ. of Minn., School of Public Health)

670 ## - FUENTE EN LA QUE SE LOCALIZARON DATOS

  • Cita de la fuente: Explorations in the history of psychology in the United States, c1983:
  • Información localizada: CIP portada (Josef Brožek)

670 ## - FUENTE EN LA QUE SE LOCALIZARON DATOS

  • Cita de la fuente: NLM files 5/15/85
  • Información localizada: (hdg.: Brožek, Josef)

670 ## - FUENTE EN LA QUE SE LOCALIZARON DATOS

  • Cita de la fuente: Info. converted from 678, 2012-10-02
  • Información localizada: (b. 1913)

902 ## - CATALOGADOR

  • Catalogador: NDAF/220503